[Event "GER-ch Net final U25"]
[Site "Playchess.com INT"]
[Date "2012.09.15"]
[Round "7"]
[White "Moeller, Hendrik"]
[Black "Kim, Oi Sin"]
[Result "0-1"]
[WhiteElo "2242"]
[BlackElo "2080"]
[PlyCount "86"]
[EventDate "2012.09.15"]
[EventType "swiss (blitz)"]
[EventRounds "9"]
[EventCountry "GER"]
[SourceTitle "CBM 150 Extra"]
[Source "ChessBase"]
[SourceDate "2012.10.19"]
[SourceVersion "1"]
[SourceVersionDate "2012.10.19"]
[SourceQuality "1"]

1. c4 Nf6 2. g3 e6 3. Bg2 d5 4. Nf3 b6 5. 0-0 Bb7 6. b3 c5 7. e3 Nbd7 8. Bb2 Bd6 9. Qe2 0-0 10. Nc3 a6 11. Rfd1 Qe7 12. d4 dxc4 13. Qxc4 b5 14. Qe2 cxd4 15. Nxd4 Bxg2 16. Kxg2 Nb6 17. e4 Bb8 18. Kg1 e5 19. Nf5 Qe6 20. Ba3 Re8 21. Bc5 Nfd7 22. Bd6 Nc8 23. Ba3 g6 24. Ne3 Ndb6 25. Rd3 Bd6 26. Bb2 Ne7 27. Rad1 Rad8 28. h4 Bc7 29. Ncd5 Nbxd5 30. Nxd5 Nxd5 31. exd5 Qd6 32. Rc3 Ra8 33. Rc6 Qd7 34. Rdc1 Bd6 35. h5 Kg7 36. Kh2 Bb8 37. d6 Bxd6 38. f4 Qe7 39. Rxd6 Qxd6 40. Bxe5+ Kg8 41. Qg4 Qd2+ 42. Kh3 Qxc1 43. Bf6 Qh1# 0-1

[Event "GER-ch Net final U25"]
[Site "Playchess.com INT"]
[Date "2012.09.15"]
[Round "9"]
[White "Tereick, Benjamin"]
[Black "Kim, Oi Sin"]
[Result "1-0"]
[WhiteElo "2391"]
[BlackElo "2080"]
[PlyCount "193"]
[EventDate "2012.09.15"]
[EventType "swiss (blitz)"]
[EventRounds "9"]
[EventCountry "GER"]
[SourceTitle "CBM 150 Extra"]
[Source "ChessBase"]
[SourceDate "2012.10.19"]
[SourceVersion "1"]
[SourceVersionDate "2012.10.19"]
[SourceQuality "1"]

1. c4 Nf6 2. Nc3 e6 3. e4 d5 4. e5 d4 5. exf6 dxc3 6. bxc3 Qxf6 7. d4 b6 8. Be2 Bb7 9. Bf3 Bxf3 10. Nxf3 Bd6 11. 0-0 0-0 12. a4 Nc6 13. Qe2 Na5 14. Rb1 c5 15. Be3 Rac8 16. Nd2 Rc7 17. Ne4 Bxh2+ 18. Kh1 Qf5 19. Qf3 cxd4 20. cxd4 Qxf3 21. gxf3 Rxc4 22. Kxh2 Rxa4 23. Rg1 Rc8 24. Bh6 g6 25. Nf6+ Kh8 26. Kg3 Rxd4 27. Rh1 Rdc4 28. Rh3 Nc6 29. Rbh1 Ne7 30. Bf8 Nf5+ 31. Kg2 Nh4+ 32. Rxh4 Rxh4 33. Rxh4 h5 34. Bd6 Kg7 35. Be5 Kf8 36. Ra4 a5 37. Nd7+ Ke7 38. Nxb6 Rc6 39. Bd4 f6 40. Rxa5 e5 41. Be3 Ke6 42. Ra7 Kf5 43. Nd5 Rd6 44. Ne7+ Ke6 45. Nxg6 Rd1 46. Rh7 Kf5 47. Ne7+ Ke6 48. Ng8 Rd8 49. Rg7 Rf8 50. Rg6 Kf7 51. Rxf6+ Kxg8 52. Rxf8+ Kxf8 53. Kh3 Kf7 54. Kh4 Kg6 55. Bd2 Kf5 56. Kxh5 e4 57. fxe4+ Kxe4 58. Kg4 Ke5 59. Bh6 Kf6 60. f4 Kg6 61. Bg5 Kf7 62. f5 Kg7 63. Kf4 Kf7 64. Bh4 Kg7 65. Bg3 Kf7 66. Bh2 Kf6 67. Bg1 Kf7 68. Bf2 Ke7 69. Bg3 Kf7 70. Bh4 Kg7 71. Kg4 Kf7 72. Bg3 Kg7 73. Bf4 Kf7 74. Bg5 Kg7 75. Kf4 Kf7 76. f6 Ke8 77. Kg4 Kf7 78. Kf5 Ke8 79. Bf4 Kd7 80. Be5 Kc6 81. Kg6 Kd5 82. Ba1 Kc4 83. f7 Kb3 84. Kg7 Kc2 85. Bf6 Kb3 86. f8Q Kc4 87. Qd6 Kb5 88. Bh4 Kc4 89. Kf6 Kb3 90. Ke5 Kc4 91. Qd5+ Kc3 92. Qd4+ Kc2 93. Kd5 Kb3 94. Qc4+ Kb2 95. Kd4 Kb1 96. Qe2 Ka1 97. Kc3 1-0

[Event "GER-ch Net qual4 U25"]
[Site "Playchess.com INT"]
[Date "2011.05.11"]
[Round "2"]
[White "Kim, Oi Sin"]
[Black "Bluebaum, Matthias"]
[Result "0-1"]
[WhiteElo "2133"]
[BlackElo "2276"]
[PlyCount "112"]
[EventDate "2011.05.11"]
[EventType "swiss (blitz)"]
[EventRounds "7"]
[EventCountry "GER"]
[SourceTitle "CBM 142 Extra"]
[Source "ChessBase"]
[SourceDate "2011.06.27"]
[SourceVersion "1"]
[SourceVersionDate "2011.06.27"]
[SourceQuality "1"]

1. e4 e6 2. d3 d5 3. Nd2 Nf6 4. g3 dxe4 5. dxe4 b6 6. Bg2 Bb7 7. Qe2 Nc6 8. c3 e5 9. Ngf3 a5 10. h3 Bc5 11. Nf1 Ba6 12. Qd2 Nxe4 13. Qxd8+ Rxd8 14. Be3 Bxe3 15. Nxe3 Nc5 16. Bf1 Nd3+ 17. Bxd3 Bxd3 18. 0-0-0 Be4 19. Rxd8+ Nxd8 20. Re1 Bxf3 21. Nc4 f6 22. Nd2 Bd5 23. f4 Nf7 24. c4 Bc6 25. c5 0-0 26. cxb6 cxb6 27. Nc4 Bd5 28. Nxb6 Bxa2 29. Re3 Rb8 30. Na4 Bb3 31. Nc3 Rd8 32. Re2 g5 33. fxg5 Nxg5 34. h4 Nf3 35. Rf2 Nd4 36. Rxf6 Ne2+ 37. Kb1 Nxc3+ 38. bxc3 Rd2 39. Rf5 Bc2+ 40. Kc1 Bxf5 41. Kxd2 Kf7 42. c4 Ke6 43. Kc3 Kd6 44. g4 Bxg4 45. Kd3 Bf5+ 46. Kc3 h5 47. Kb3 Kc5 48. Ka4 Kxc4 49. Kxa5 e4 50. Kb6 e3 51. Kc6 e2 52. Kd6 e1Q 53. Kc7 Qe7+ 54. Kb6 Qd6+ 55. Ka5 Qc7+ 56. Ka6 Bc8# 0-1

[Event "GER-ch Net qual4 U25"]
[Site "Playchess.com INT"]
[Date "2011.05.11"]
[Round "4"]
[White "Kim, Oi Sin"]
[Black "Siedentopf, Daniel"]
[Result "1-0"]
[WhiteElo "2133"]
[BlackElo "2190"]
[PlyCount "109"]
[EventDate "2011.05.11"]
[EventType "swiss (blitz)"]
[EventRounds "7"]
[EventCountry "GER"]
[SourceTitle "CBM 142 Extra"]
[Source "ChessBase"]
[SourceDate "2011.06.27"]
[SourceVersion "1"]
[SourceVersionDate "2011.06.27"]
[SourceQuality "1"]

1. e4 e6 2. d4 d5 3. exd5 exd5 4. Bd3 Nc6 5. c3 Bd6 6. Nf3 Bg4 7. h3 Bh5 8. Qb3 Bxf3 9. gxf3 Qe7+ 10. Be3 0-0-0 11. Qxd5 Nf6 12. Qf5+ Kb8 13. Nd2 g6 14. Qb5 Bf4 15. Ne4 Nd5 16. Bxf4 Nxf4 17. 0-0-0 a6 18. Qg5 Nxd3+ 19. Rxd3 Qd7 20. d5 Ne7 21. d6 Nf5 22. dxc7+ Qxc7 23. Rhd1 Rxd3 24. Rxd3 Re8 25. b3 Qe5 26. Rd8+ Ka7 27. Rxe8 Qxe8 28. Qd2 Qe5 29. Kb2 h5 30. Qd3 Ka8 31. Qd7 Nh6 32. Qc8+ Ka7 33. a4 f5 34. Qc5+ Qxc5 35. Nxc5 Kb6 36. Ne6 Nf7 37. f4 g5 38. fxg5 Kc6 39. g6 Nh6 40. Nd4+ Kd6 41. g7 Ke5 42. Ka3 Kf6 43. Kb4 Kxg7 44. Kc5 Kf6 45. Kb6 Kg5 46. Kxb7 Kh4 47. c4 Kxh3 48. c5 Kg2 49. c6 h4 50. c7 h3 51. c8Q h2 52. Qc6+ Kg1 53. Nf3+ Kg2 54. Nxh2+ Kxh2 55. Qxh6+ 1-0

[Event "GER-ch Net qual3 U25"]
[Site "Playchess.com INT"]
[Date "2011.05.08"]
[Round "1"]
[White "Fichtner, Ewald"]
[Black "Kim, Oi Sin"]
[Result "0-1"]
[WhiteElo "1741"]
[BlackElo "2176"]
[PlyCount "94"]
[EventDate "2011.05.08"]
[EventType "swiss (blitz)"]
[EventRounds "7"]
[EventCountry "GER"]
[SourceTitle "CBM 142 Extra"]
[Source "ChessBase"]
[SourceDate "2011.06.27"]
[SourceVersion "1"]
[SourceVersionDate "2011.06.27"]
[SourceQuality "1"]

1. d4 Nf6 2. c4 e6 3. g3 Bb4+ 4. Bd2 c5 5. Bxb4 cxb4 6. Bg2 0-0 7. e3 d6 8. Nf3 Nbd7 9. 0-0 Qc7 10. b3 b6 11. Nbd2 Bb7 12. Rc1 e5 13. dxe5 dxe5 14. Qc2 Nc5 15. Rfd1 Rad8 16. Nf1 Be4 17. Qe2 Bd3 18. Qe1 Nfe4 19. Qxb4 f5 20. Ne1 Be2 21. Rxd8 Rxd8 22. Bf3 Bxf3 23. Nxf3 Nd3 24. Qa3 Nxc1 25. Qxc1 Qd6 26. Kg2 Nc5 27. Qc3 Re8 28. Qd2 Qxd2 29. N1xd2 Kf7 30. Kf1 Kf6 31. Ke2 Rd8 32. Ne1 g5 33. Nc2 g4 34. Nb4 Kg5 35. Nd5 Rd6 36. Nb1 Rh6 37. Nbc3 Rxh2 38. Nb5 Ne4 39. Nxa7 Rxf2+ 40. Kd1 Rxa2 41. Nb5 Rb2 42. Nxb6 Rxb3 43. Nd7 Rd3+ 44. Ke2 Rxd7 45. Na3 Nxg3+ 46. Kf2 Ne4+ 47. Ke2 h5 0-1

[Event "GER-ch Net qual3 U25"]
[Site "Playchess.com INT"]
[Date "2011.05.08"]
[Round "3"]
[White "Kim, Oi Sin"]
[Black "Colpe, Malte"]
[Result "1-0"]
[WhiteElo "2176"]
[BlackElo "2045"]
[PlyCount "129"]
[EventDate "2011.05.08"]
[EventType "swiss (blitz)"]
[EventRounds "7"]
[EventCountry "GER"]
[SourceTitle "CBM 142 Extra"]
[Source "ChessBase"]
[SourceDate "2011.06.27"]
[SourceVersion "1"]
[SourceVersionDate "2011.06.27"]
[SourceQuality "1"]

1. e4 c5 2. Nc3 g6 3. g3 Bg7 4. Bg2 e6 5. d3 Ne7 6. Nge2 0-0 7. Be3 d6 8. d4 cxd4 9. Nxd4 a6 10. Qd2 Nd7 11. Bh6 Ne5 12. Bxg7 Kxg7 13. 0-0-0 b5 14. f4 Nc4 15. Qd3 Qb6 16. Rhe1 Bb7 17. Nf3 Rac8 18. Qd4+ Qxd4 19. Nxd4 Rfd8 20. Rd3 e5 21. Nf3 b4 22. Nb1 f5 23. exf5 e4 24. Ng5 gxf5 25. Ne6+ Kf6 26. Nxd8 Rxd8 27. Rd4 d5 28. Bf1 Nc6 29. Rdd1 Nb6 30. c3 a5 31. Nd2 d4 32. cxd4 Nxd4 33. Nc4 Nxc4 34. Bxc4 Ke7 35. Rd2 Nf3 36. Rxd8 Kxd8 37. Rd1+ Kc7 38. Be2 Nxh2 39. Kd2 Nf3+ 40. Ke3 Bc6 41. Rh1 Kb6 42. Rxh7 Ne1 43. Rf7 Nc2+ 44. Kd2 Nd4 45. Bd1 Kc5 46. Rf8 Bd5 47. Rc8+ Nc6 48. Rf8 Bxa2 49. Be2 Bd5 50. Rxf5 Nd4 51. Rf8 Nb3+ 52. Kd1 Nd4 53. Rc8+ Bc6 54. f5 Kd5 55. g4 e3 56. Rd8+ Ke4 57. Bc4 Kf3 58. f6 Kf2 59. f7 e2+ 60. Bxe2 Ba4+ 61. Kd2 Ne6 62. f8Q+ Nxf8 63. Rxf8+ Kg3 64. g5 Bb3 65. g6 1-0

[Event "Oberliga Nord N 0910"]
[Site "Germany"]
[Date "2010.02.07"]
[Round "6.5"]
[White "Skibbe, Willi"]
[Black "Kim, Oi Sin"]
[Result "1/2-1/2"]
[WhiteElo "2174"]
[BlackElo "2074"]
[PlyCount "97"]
[EventDate "2009.10.18"]
[EventType "team-tourn"]
[EventRounds "9"]
[EventCountry "GER"]
[SourceTitle "EXT 2011"]
[Source "ChessBase"]
[SourceDate "2010.11.26"]
[SourceVersion "1"]
[SourceVersionDate "2010.11.26"]
[SourceQuality "1"]
[WhiteTeam "Rostock"]
[BlackTeam "Kiel Meerbauer"]
[WhiteTeamCountry "GER"]
[BlackTeamCountry "GER"]

1. d4 Nf6 2. c4 e6 3. Nf3 Bb4+ 4. Nbd2 b6 5. a3 Bxd2+ 6. Bxd2 Ne4 7. Bf4 Bb7 8. e3 g5 9. Be5 f6 10. Bg3 h5 11. Qc2 d6 12. Bd3 f5 13. h4 g4 14. Nd2 Nxg3 15. fxg3 Bxg2 16. Rh2 Bb7 17. 0-0-0 Nd7 18. e4 f4 19. gxf4 Qf6 20. c5 Qxf4 21. c6 Qxh2 22. cxb7 Rb8 23. Qxc7 Qxh4 24. Bb5 Qd8 25. Bxd7+ Ke7 26. Qxd8+ Kxd8 27. Bc8 g3 28. Nf3 h4 29. Rg1 Rxc8+ 30. bxc8Q+ Kxc8 31. e5 dxe5 32. dxe5 Kd7 33. Kd2 Kc6 34. Ke2 h3 35. Rc1+ Kd5 36. Rd1+ Ke4 37. Nd2+ Kxe5 38. Kf3 h2 39. Nc4+ Kf5 40. Nd6+ Kg6 41. Rh1 Rd8 42. Ne4 Rd3+ 43. Kg2 Rb3 44. Rb1 h1Q+ 45. Rxh1 Rxb2+ 46. Kxg3 Rb3+ 47. Kf4 Rxa3 48. Ke5 Ra4 49. Rf1 1/2-1/2

[Event "GER-ch Net qual4 U25"]
[Site "Playchess.com INT"]
[Date "2009.06.17"]
[Round "4"]
[White "Kim, Oi Sin"]
[Black "Figura, Atila Gajo"]
[Result "1-0"]
[WhiteElo "2095"]
[BlackElo "2417"]
[PlyCount "167"]
[EventDate "2009.06.17"]
[EventType "swiss (blitz)"]
[EventRounds "7"]
[EventCountry "GER"]
[SourceTitle "CBM 130 Extra"]
[Source "ChessBase"]
[SourceDate "2009.07.02"]
[SourceVersion "2"]
[SourceVersionDate "2009.07.15"]
[SourceQuality "1"]

1. e4 c5 2. Nc3 d6 3. g3 Nc6 4. Bg2 g6 5. d3 Bg7 6. f4 Nf6 7. Nf3 0-0 8. 0-0 Bd7 9. h3 Ne8 10. g4 e6 11. Be3 f5 12. d4 cxd4 13. Nxd4 Nxd4 14. Bxd4 fxe4 15. Nxe4 d5 16. Ng3 Nf6 17. Qd3 a6 18. Rf2 Bb5 19. Qd2 Rc8 20. Re1 Bd7 21. c3 Ne8 22. Bxg7 Nxg7 23. Qd4 Rc4 24. Qd2 Qf6 25. Ref1 Bb5 26. Ne2 Rc7 27. Re1 Bxe2 28. Rexe2 Rc4 29. f5 gxf5 30. gxf5 d4 31. fxe6 dxc3 32. bxc3 Qe7 33. Rxf8+ Kxf8 34. Qh6 Rh4 35. Qe3 Rh5 36. Rf2+ Rf5 37. Rxf5+ Nxf5 38. Qe5 Ng7 39. Qf4+ Kg8 40. Qf7+ Qxf7 41. exf7+ Kxf7 42. Bxb7 a5 43. Kf2 Ke6 44. Ke3 Nf5+ 45. Kf4 Nd6 46. Be4 h6 47. Bd3 Nb7 48. h4 Nc5 49. Bc4+ Kf6 50. Bd5 Na4 51. c4 Nc3 52. a3 Nb1 53. a4 Nc3 54. Bc6 Na2 55. Bb5 Nb4 56. c5 Ke6 57. Kg4 Kf6 58. Kh5 Kg7 59. c6 Nd5 60. Kg4 Nc7 61. Kf5 Kf7 62. Ke5 Ke7 63. Bd3 Ne6 64. Be4 Nc5 65. Bc2 Ne6 66. Kd5 Nc7+ 67. Kc5 Ke6 68. Kb6 Kd6 69. Be4 Ne6 70. Kxa5 Kc7 71. Kb4 Nd4 72. Kc5 Nb3+ 73. Kc4 Nd2+ 74. Kd4 Nb3+ 75. Ke5 Nc5 76. a5 Nb3 77. a6 Kb6 78. Kf6 Nc5 79. Bf3 Nxa6 80. Kg6 Nc5 81. Kxh6 Ne6 82. Kg6 Nf4+ 83. Kf5 Nd3 84. h5 1-0

[Event "GER-ch Net qual1 U18"]
[Site "Playchess.com INT"]
[Date "2009.05.10"]
[Round "7"]
[White "Kartsev, Alexandr"]
[Black "Kim, Oi Sin"]
[Result "1/2-1/2"]
[WhiteElo "2074"]
[BlackElo "2095"]
[PlyCount "123"]
[EventDate "2009.05.10"]
[EventType "swiss (blitz)"]
[EventRounds "7"]
[EventCountry "GER"]
[SourceTitle "CBM 130 Extra"]
[Source "ChessBase"]
[SourceDate "2009.07.02"]
[SourceVersion "2"]
[SourceVersionDate "2009.07.15"]
[SourceQuality "1"]

1. e4 c5 2. c3 e6 3. d4 cxd4 4. cxd4 Nf6 5. Nc3 d6 6. Nf3 Be7 7. Bd3 a6 8. 0-0 b5 9. e5 Nfd7 10. exd6 Bxd6 11. Ne4 Be7 12. Bf4 Bb7 13. Nd6+ Bxd6 14. Bxd6 Nf6 15. Ba3 Nc6 16. Qd2 Qa5 17. Qxa5 Nxa5 18. Ne5 Rd8 19. Rfd1 Nd5 20. Bc5 f6 21. Nf3 Kf7 22. Be4 Rd7 23. b4 Nc4 24. Bd3 Nb2 25. Rd2 Nxd3 26. Rxd3 Rc8 27. a4 Bc6 28. a5 Nf4 29. Re3 g5 30. g3 Nd5 31. Rd3 Ne7 32. Rad1 Nf5 33. Ne1 Be4 34. R3d2 h5 35. h3 Bd5 36. Ng2 Bf3 37. Re1 g4 38. Nf4 gxh3 39. Rxe6 Re8 40. d5 Ng7 41. Rxe8 Nxe8 42. Rd3 Be4 43. Rd4 Bf3 44. Nxh3 Nc7 45. Nf4 Nxd5 46. Nxd5 Bxd5 47. Kh2 Ke6 48. Rh4 Bf3 49. Rd4 Rd5 50. Rxd5 Kxd5 51. Be7 f5 52. Kh3 Ke4 53. Kh4 f4 54. Bd6 fxg3 55. fxg3 Kf5 56. Bc5 Be2 57. Bf8 Bg4 58. Bc5 Ke4 59. Bf8 Kd3 60. Bc5 Kc4 61. Bf8 Kb3 62. Bc5 1/2-1/2

[Event "GER-ch Net qual1 U18"]
[Site "Playchess.com INT"]
[Date "2009.05.10"]
[Round "2"]
[White "Kim, Oi Sin"]
[Black "Diehlmann, Florian"]
[Result "1-0"]
[WhiteElo "2095"]
[BlackElo "1589"]
[PlyCount "61"]
[EventDate "2009.05.10"]
[EventType "swiss (blitz)"]
[EventRounds "7"]
[EventCountry "GER"]
[SourceTitle "CBM 130 Extra"]
[Source "ChessBase"]
[SourceDate "2009.07.02"]
[SourceVersion "2"]
[SourceVersionDate "2009.07.15"]
[SourceQuality "1"]

1. e4 c5 2. Nc3 e6 3. g3 Nf6 4. Bg2 Nc6 5. f4 d5 6. e5 Nd7 7. d3 f6 8. exf6 Qxf6 9. Nf3 e5 10. Nxd5 Qd6 11. Nxe5 Ncxe5 12. fxe5 Qxe5+ 13. Qe2 Bd6 14. Qxe5+ Bxe5 15. 0-0 Nf6 16. Re1 0-0 17. Rxe5 Nxd5 18. Bxd5+ Kh8 19. Bf4 Bh3 20. Rae1 h6 21. Bxb7 Rab8 22. Bd5 g5 23. Bd2 Rxb2 24. Bb3 a5 25. Bc3 Rxb3 26. axb3 Kh7 27. Re7+ Kg6 28. Rg7+ Kh5 29. Rge7 Kg6 30. Rc7 Rf5 31. Ra7 1-0

[Event "GER-ch Net qual1 U18"]
[Site "Playchess.com INT"]
[Date "2009.05.10"]
[Round "3"]
[White "Reichel, Jonathan"]
[Black "Kim, Oi Sin"]
[Result "1-0"]
[WhiteElo "1955"]
[BlackElo "2095"]
[PlyCount "121"]
[EventDate "2009.05.10"]
[EventType "swiss (blitz)"]
[EventRounds "7"]
[EventCountry "GER"]
[SourceTitle "CBM 130 Extra"]
[Source "ChessBase"]
[SourceDate "2009.07.02"]
[SourceVersion "2"]
[SourceVersionDate "2009.07.15"]
[SourceQuality "1"]

1. e4 c5 2. Nf3 e6 3. c3 Nf6 4. e5 Nd5 5. g3 d6 6. Bg2 Bd7 7. 0-0 Bc6 8. d4 cxd4 9. cxd4 Nd7 10. Nbd2 Be7 11. exd6 Bxd6 12. Qe2 0-0 13. Nc4 Be7 14. Bd2 a6 15. h4 Rc8 16. Rac1 Bb5 17. b3 Bf6 18. a4 Bc6 19. Bg5 h6 20. Bxf6 N7xf6 21. Nfe5 Be8 22. Rfd1 b5 23. axb5 Bxb5 24. Rd2 Qe7 25. Rdc2 Rc7 26. Qd2 Rfc8 27. Ne3 Rxc2 28. Rxc2 Rxc2 29. Qxc2 Qc7 30. Qc5 Nd7 31. Nxd7 Qxd7 32. Nxd5 exd5 33. Qxd5 Qe7 34. Be4 Kf8 35. Qe5 Qd8 36. Kg2 Qd7 37. f3 Qd8 38. d5 Qe7 39. Qxe7+ Kxe7 40. Kf2 Kd6 41. Ke3 f5 42. Bxf5 Kxd5 43. Bd3 Bc6 44. Bxa6 Kc5 45. Bc4 g5 46. f4 gxh4 47. gxh4 Bb7 48. f5 Kd6 49. Kf4 Bc8 50. f6 Be6 51. f7 Bxc4 52. bxc4 Ke7 53. f8Q+ Kxf8 54. Ke5 Ke7 55. c5 h5 56. c6 Ke8 57. Ke6 Kd8 58. Kd6 Kc8 59. c7 Kb7 60. Kd7 Kb6 61. c8Q 1-0

[Event "Oberliga Nord N 0708"]
[Site "Germany"]
[Date "2007.11.04"]
[Round "2.6"]
[White "Van Riesen, Klaus"]
[Black "Kim, Oi Sin"]
[Result "0-1"]
[WhiteElo "2097"]
[BlackElo "2099"]
[PlyCount "60"]
[EventDate "2007.10.21"]
[EventType "team-tourn"]
[EventRounds "9"]
[EventCountry "GER"]
[SourceTitle "EXT 2009"]
[Source "ChessBase"]
[SourceDate "2008.11.26"]
[SourceVersion "1"]
[SourceVersionDate "2008.11.26"]
[SourceQuality "1"]
[WhiteTeam "Pinneberg"]
[BlackTeam "Kiel Meerbauer"]
[WhiteTeamCountry "GER"]
[BlackTeamCountry "GER"]

1. d4 Nf6 2. c4 e6 3. Nc3 Bb4 4. Bg5 c5 5. d5 h6 6. Bh4 b5 7. dxe6 fxe6 8. cxb5 d5 9. e3 Bb7 10. a3 Ba5 11. Nf3 0-0 12. Be2 Nbd7 13. 0-0 Qe8 14. Bg3 e5 15. Qa4 Bd8 16. Rfe1 Nh5 17. Qb3 Nxg3 18. hxg3 Qf7 19. e4 Ba5 20. Rf1 c4 21. Qa2 Rac8 22. Nxd5 Bxd5 23. exd5 Bb6 24. Bxc4 e4 25. Nh2 Bxf2+ 26. Rxf2 Qxf2+ 27. Kh1 Kh8 28. b3 Qxg3 29. Qe2 Rf4 30. Rf1 Rh4 0-1

[Event "GER-ch internet U18 final"]
[Site "Playchess.com INT"]
[Date "2007.06.20"]
[Round "6"]
[White "Kim, Oi Sin"]
[Black "Eibl, Maximilian"]
[Result "1-0"]
[WhiteElo "2088"]
[BlackElo "1928"]
[PlyCount "143"]
[EventDate "2007.06.20"]
[EventType "swiss (blitz)"]
[EventRounds "7"]
[EventCountry "GER"]
[SourceTitle "EXT 2009"]
[Source "ChessBase"]
[SourceDate "2008.11.26"]
[SourceVersion "1"]
[SourceVersionDate "2008.11.26"]
[SourceQuality "1"]

1. c4 Nf6 2. g3 e6 3. Bg2 c5 4. Nf3 Be7 5. Nc3 0-0 6. 0-0 d5 7. cxd5 exd5 8. d4 b6 9. Bg5 Bb7 10. Ne5 Nbd7 11. Kh1 h6 12. Bf4 c4 13. b3 cxb3 14. Qxb3 Nb8 15. Rac1 Na6 16. Nb5 Ne4 17. Nc6 Bxc6 18. Rxc6 Qd7 19. Rc2 Rfc8 20. Bxe4 dxe4 21. Rfc1 Bf6 22. e3 g5 23. Bd6 Rxc2 24. Rxc2 Rc8 25. Rxc8+ Qxc8 26. Nxa7 Qg4 27. Nb5 Qe2 28. Kg1 h5 29. Nc3 Qf3 30. Qd1 Qxd1+ 31. Nxd1 Bd8 32. Nc3 Nc7 33. Nxe4 Nb5 34. Bb4 Kg7 35. a4 Na7 36. Kg2 f6 37. Kf3 Kf7 38. h4 Ke6 39. Nc3 g4+ 40. Ke4 Nc6 41. d5+ Kd7 42. dxc6+ Kxc6 43. Kd3 Bc7 44. Ne4 f5 45. Nf6 b5 46. a5 Kb7 47. Nxh5 f4 48. exf4 Ka6 49. Nf6 Bd8 50. Nxg4 Bc7 51. Ne5 Bd8 52. Ke4 Bc7 53. f5 Bd8 54. f6 Bxf6 55. Kf5 Bd8 56. Nf7 Kb7 57. Nxd8+ Ka6 58. Nf7 Kb7 59. Nd6+ Ka6 60. Nxb5 Kb7 61. Nc7 Ka7 62. a6 Kb8 63. Ke6 Ka7 64. Kd6 Kb8 65. Kc6 Ka7 66. Bc5+ Kb8 67. Kb6 Kc8 68. a7 Kd7 69. Bd6 Kd8 70. a8Q+ Kd7 71. Qe8+ Kxd6 72. Qe6# 1-0